000 00766nam a2200241Ia 4500
003 GCL
008 140319s9999 xx 000 0 ara d
040 _aGCL /
_cGCL
082 0 4 _a412
_bر م
100 1 _aالراغب الاصفهانى , ابو القاسم
245 1 0 _aمفردات ألفاظ القرأن /
_cالراغب الاصفهانى , ابو القاسم
700 1 _aصفوان عدنان داوودى
260 _a[S.N] :
_bدار القلم ،
_c1992
300 _a1248 ص
490 _a
650 0 4 _aالاشتقاق
650 0 4 _aالبلاغة العربية
650 0 4 _aالفاظ
650 0 4 _aالقران - تفسير
650 0 4 _aاللغة العربية - المعاجم
650 0 4 _aالقران
942 _2ddc
_cBK
999 _c37477
_d37477